| 000 | 00963nam a22003137a 4500 | ||
|---|---|---|---|
| 003 | CHAP | ||
| 005 | 20220817042849.0 | ||
| 008 | 971013s1965 r 00010 d | ||
| 010 | _a58124 | ||
| 011 | _a59096 | ||
| 035 | _a63253 | ||
| 040 | _cCHAP | ||
| 082 |
_a634.975 _bS8 |
||
| 100 | 0 | 0 |
_aStoeckeler, J. H. _9109850 |
| 245 | _aConifer nursery practice in the Prairie Plains | ||
| 260 |
_aWashington : _bU.S. Forest Service, _c1965 |
||
| 300 |
_a93 p. _b: ilus. |
||
| 490 |
_aAgriculture handbook _v; 279 |
||
| 590 |
_aBATCH-UPD _b10 _c20130110 _lUCH01 _h1701 |
||
| 590 |
_aBATCH-UPD _b10 _c20130410 _lUCH01 _h1049 |
||
| 590 |
_aBATCH-UPD _b10 _c20130914 _lUCH01 _h1034 |
||
| 590 |
_aCONVERSION _b10 _c20130109 _lUCH01 _h1331 |
||
| 650 | 1 | 4 | _aConÃferas. |
| 650 | 1 | 4 |
_aViveros forestales. _9120100 |
| 830 | 0 |
_aAgriculture handbook _v; 279 _92127 |
|
| 901 | _aBK | ||
| 942 | _cLIBRO | ||
| 949 |
_a634.975 S8 _bBC _cLIBRO _d33724000238010 _eLIBRO _h23887 _i63253 _mD _si |
||
| 999 |
_c58124 _d58124 |
||